[Event "Greek Team Championship"]
[Site "chess24.com"]
[Date "2017.07.06"]
[Round "5"]
[White "Santagati, Alessandro"]
[Black "Iskos, Alexandros"]
[Result "0-1"]
[Board "3"]
[WhiteElo "2315"]
[WhiteTitle "FM"]
[WhiteCountry "ITA"]
[WhiteFideId "814644"]
[WhiteEloChange "-14"]
[BlackElo "2169"]
[BlackCountry "GRE"]
[BlackFideId "4208676"]
[BlackEloChange "14"]

1. e4 {[%clk 1:30:55]} c5 {[%clk 1:30:54]} 2. c3 {[%clk 1:31:16]} d5 {[%clk
1:31:21]} 3. exd5 {[%clk 1:31:33]} Qxd5 {[%clk 1:31:45]} 4. d4 {[%clk 1:31:53]}
Nf6 {[%clk 1:31:44]} 5. Nf3 {[%clk 1:32:15]} Nc6 {[%clk 1:31:08]} 6. Be2 {[%clk
1:32:33]} cxd4 {[%clk 1:28:25]} 7. cxd4 {[%clk 1:32:20]} Bf5 {[%clk 1:28:34]} 8.
Nc3 {[%clk 1:32:10]} Qa5 {[%clk 1:28:47]} 9. O-O {[%clk 1:27:27]} e6 {[%clk
1:28:43]} 10. Qb3 {[%clk 1:24:52]} Qb4 {[%clk 1:08:21]} 11. Nb5 {[%clk 1:21:08]}
Rc8 {[%clk 1:05:35]} 12. Qd1 {[%clk 1:07:47]} a6 {[%clk 1:00:46]} 13. a3 {[%clk
1:05:24]} Qa5 {[%clk 1:00:05]} 14. Nc3 {[%clk 1:05:34]} Be7 {[%clk 0:56:59]} 15.
Bf4 {[%clk 1:04:15]} O-O {[%clk 0:57:21]} 16. b4 {[%clk 1:03:30]} Qd8 {[%clk
0:56:00]} 17. b5 {[%clk 0:57:29]} Na5 {[%clk 0:49:36]} 18. Bd2 {[%clk 0:54:53]}
Nc4 {[%clk 0:47:39]} 19. Bxc4 {[%clk 0:50:17]} Rxc4 {[%clk 0:48:04]} 20. Qb3
{[%clk 0:49:27]} Rc8 {[%clk 0:45:06]} 21. Be3 {[%clk 0:45:24]} Qa5 {[%clk
0:41:41]} 22. Rfc1 {[%clk 0:40:20]} Ne4 {[%clk 0:39:33]} 23. Nxe4 {[%clk
0:35:04]} Bxe4 {[%clk 0:39:53]} 24. bxa6 {[%clk 0:34:34]} bxa6 {[%clk 0:38:43]}
25. Ne5 {[%clk 0:29:06]} Rxc1+ {[%clk 0:36:00]} 26. Rxc1 {[%clk 0:29:28]} Qxa3
{[%clk 0:36:21]} 27. Qb6 {[%clk 0:24:57]} h6 {[%clk 0:30:37]} 28. Nd7 {[%clk
0:19:45]} Rd8 {[%clk 0:29:42]} 29. Ne5 {[%clk 0:17:15]} Qd6 {[%clk 0:27:30]} 30.
Nc6 {[%clk 0:15:07]} Bxc6 {[%clk 0:25:11]} 31. Rxc6 {[%clk 0:14:33]} Qb4 {[%clk
0:24:49]} 32. Qxa6 {[%clk 0:09:20]} e5 {[%clk 0:22:13]} 33. Qe2 {[%clk 0:05:25]}
exd4 {[%clk 0:19:17]} 34. Bd2 {[%clk 0:04:19]} Qb7 {[%clk 0:17:53]} 35. Rc1
{[%clk 0:04:04]} Bg5 {[%clk 0:15:58]} 36. Bxg5 {[%clk 0:03:59]} hxg5 {[%clk
0:16:27]} 37. Qe5 {[%clk 0:03:50]} Qd5 {[%clk 0:14:47]} 38. Qxd5 {[%clk 0:03:43]}
Rxd5 {[%clk 0:15:16]} 39. Rc8+ {[%clk 0:03:48]} Kh7 {[%clk 0:15:42]} 40. Kf1
{[%clk 0:33:57]} d3 {[%clk 0:44:31]} 41. Rc1 {[%clk 0:31:42]} g4 {[%clk 0:40:52]}
42. Ra1 {[%clk 0:26:26]} Kg6 {[%clk 0:39:36]} 43. Ke1 {[%clk 0:24:12]} Re5+
{[%clk 0:36:12]} 44. Kd2 {[%clk 0:24:15]} Re2+ {[%clk 0:36:39]} 45. Kxd3 {[%clk
0:24:39]} Rxf2 {[%clk 0:37:06]} 46. Rg1 {[%clk 0:24:49]} Kg5 {[%clk 0:36:07]} 47.
Ke3 {[%clk 0:24:17]} Ra2 {[%clk 0:36:20]} 48. h3 {[%clk 0:23:04]} f5 {[%clk
0:32:28]} 49. hxg4 {[%clk 0:23:17]} Kxg4 {[%clk 0:32:53]} 50. g3 {[%clk 0:19:18]}
Ra3+ {[%clk 0:32:52]} 51. Kf2 {[%clk 0:19:32]} Rf3+ {[%clk 0:33:16]} 52. Ke2
{[%clk 0:19:31]} Rxg3 {[%clk 0:33:42]} 53. Ra1 {[%clk 0:19:57]} Rg2+ {[%clk
0:32:26]} 54. Kf1 {[%clk 0:20:21]} Rb2 {[%clk 0:32:34]} 55. Kg1 {[%clk 0:20:31]}
g5 {[%clk 0:31:48]} 56. Rc1 {[%clk 0:20:55]} f4 {[%clk 0:31:18]} 57. Ra1 {[%clk
0:21:12]} Kg3 {[%clk 0:29:55]} 58. Kh1 {[%clk 0:21:35]} g4 {[%clk 0:29:32]} 59.
Ra3+ {[%clk 0:21:40]} f3 {[%clk 0:29:50]} 60. Ra1 {[%clk 0:21:59]} Rh2+ {[%clk
0:30:03]} 0-1

[Event "Greek Team Championship"]
[Site "chess24.com"]
[Date "2017.07.06"]
[Round "5"]
[White "Kalogridis, Themistoklis"]
[Black "Sandalakis, Nikolaos"]
[Result "0-1"]
[Board "4"]
[WhiteElo "1062"]
[WhiteCountry "GRE"]
[WhiteFideId "25841475"]
[WhiteEloChange "-2"]
[BlackElo "2229"]
[BlackCountry "GRE"]
[BlackFideId "4222890"]
[BlackEloChange "2"]

1. d4 {[%clk 1:30:57]} Nf6 {[%clk 1:30:13]} 2. c4 {[%clk 1:31:23]} e5 {[%clk
1:24:28]} 3. dxe5 {[%clk 1:31:39]} Ng4 {[%clk 1:24:48]} 4. Bf4 {[%clk 1:31:58]}
Bb4+ {[%clk 1:23:43]} 5. Nd2 {[%clk 1:31:56]} Nc6 {[%clk 1:23:39]} 6. Nf3 {[%clk
1:32:20]} Qe7 {[%clk 1:23:35]} 7. e3 {[%clk 1:29:16]} Ngxe5 {[%clk 1:22:16]} 8.
Nxe5 {[%clk 1:28:53]} Nxe5 {[%clk 1:22:31]} 9. a3 {[%clk 1:28:57]} Bxd2+ {[%clk
1:19:46]} 10. Qxd2 {[%clk 1:27:15]} d6 {[%clk 1:19:28]} 11. Bxe5 {[%clk 1:27:17]}
Qxe5 {[%clk 1:18:01]} 12. Be2 {[%clk 1:26:38]} h5 {[%clk 1:10:34]} 13. Qd4 {[%clk
1:25:13]} Qa5+ {[%clk 1:07:43]} 14. Qd2 {[%clk 1:25:29]} Qg5 {[%clk 1:06:53]} 15.
Bf3 {[%clk 1:23:29]} h4 {[%clk 1:03:46]} 16. Qd5 {[%clk 1:23:21]} Qf6 {[%clk
1:02:28]} 17. Qd4 {[%clk 1:23:47]} Qg5 {[%clk 0:44:53]} 18. Qd5 {[%clk 1:23:59]}
Qe7 {[%clk 0:43:32]} 19. Qe4 {[%clk 1:24:27]} Be6 {[%clk 0:33:21]} 20. Qxb7
{[%clk 1:23:48]} O-O {[%clk 0:33:41]} 21. Qxa8 {[%clk 1:23:21]} Rxa8 {[%clk
0:34:04]} 22. Bxa8 {[%clk 1:23:46]} Bxc4 {[%clk 0:34:16]} 23. Bf3 {[%clk
1:23:38]} h3 {[%clk 0:28:30]} 24. g3 {[%clk 1:22:53]} Qf6 {[%clk 0:28:39]} 25.
Rc1 {[%clk 1:21:19]} Qxf3 {[%clk 0:28:48]} 0-1

[Event "Greek Team Championship"]
[Site "chess24.com"]
[Date "2017.07.06"]
[Round "5"]
[White "Drakaki, Anna-Maria"]
[Black "Amiridou, Dimitra"]
[Result "1/2-1/2"]
[Board "5"]
[WhiteElo "1912"]
[WhiteCountry "GRE"]
[WhiteFideId "4225210"]
[WhiteEloChange "-3"]
[BlackElo "1803"]
[BlackCountry "GRE"]
[BlackFideId "4218230"]
[BlackEloChange "3"]

1. e4 {[%clk 1:30:57]} Nf6 {[%clk 1:30:42]} 2. Nc3 {[%clk 1:26:37]} d6 {[%clk
1:22:20]} 3. d4 {[%clk 1:26:40]} e6 {[%clk 1:18:42]} 4. Nf3 {[%clk 1:26:02]} Nbd7
{[%clk 1:13:55]} 5. Bd3 {[%clk 1:18:30]} c5 {[%clk 1:06:01]} 6. Qe2 {[%clk
1:05:25]} Qb6 {[%clk 0:57:15]} 7. d5 {[%clk 1:01:40]} Ne5 {[%clk 0:53:01]} 8.
Bb5+ {[%clk 0:34:41]} Bd7 {[%clk 0:49:45]} 9. Bxd7+ {[%clk 0:33:56]} Nfxd7 {[%clk
0:44:00]} 10. dxe6 {[%clk 0:31:01]} fxe6 {[%clk 0:43:11]} 11. Ng5 {[%clk
0:30:57]} Ke7 {[%clk 0:16:53]} 12. f4 {[%clk 0:29:54]} Nc6 {[%clk 0:16:08]} 13.
Nxe6 {[%clk 0:27:29]} Nb4 {[%clk 0:12:12]} 14. Ng5 {[%clk 0:19:47]} Qa6 {[%clk
0:09:40]} 15. Qxa6 {[%clk 0:14:06]} Nxa6 {[%clk 0:10:06]} 16. Nd5+ {[%clk
0:14:07]} Ke8 {[%clk 0:10:29]} 17. Bd2 {[%clk 0:12:48]} h6 {[%clk 0:09:33]} 18.
Ne6 {[%clk 0:09:54]} Kf7 {[%clk 0:09:45]} 19. f5 {[%clk 0:10:08]} Nf6 {[%clk
0:09:34]} 20. Nxf6 {[%clk 0:09:24]} gxf6 {[%clk 0:09:45]} 21. O-O-O {[%clk
0:06:51]} Re8 {[%clk 0:05:16]} 22. Bf4 {[%clk 0:04:42]} Rxe6 {[%clk 0:05:41]} 23.
fxe6+ {[%clk 0:05:08]} Kxe6 {[%clk 0:06:08]} 24. c3 {[%clk 0:03:43]} c4 {[%clk
0:06:04]} 25. Rd4 {[%clk 0:02:44]} Nc5 {[%clk 0:06:28]} 26. Kc2 {[%clk 0:02:19]}
b5 {[%clk 0:06:23]} 27. Rhd1 {[%clk 0:01:33]} Nd3 {[%clk 0:06:41]} 28. Bg3 {[%clk
0:01:26]} h5 {[%clk 0:07:05]} 29. b3 {[%clk 0:00:33]} h4 {[%clk 0:05:13]} 30. Be1
{[%clk 0:00:58]} Rg8 {[%clk 0:04:34]} 31. bxc4 {[%clk 0:00:52]} bxc4 {[%clk
0:04:58]} 32. Bxh4 {[%clk 0:00:38]} Rxg2+ {[%clk 0:04:26]} 33. Rd2 {[%clk
0:01:04]} Rg4 {[%clk 0:04:23]} 34. Bg3 {[%clk 0:00:53]} Ne5 {[%clk 0:04:26]} 35.
Bxe5 {[%clk 0:01:01]} fxe5 {[%clk 0:04:52]} 36. Rxc4 {[%clk 0:01:06]} Bh6 {[%clk
0:04:54]} 37. Rd5 {[%clk 0:00:38]} Rg2+ {[%clk 0:04:57]} 38. Kb3 {[%clk 0:01:05]}
Rxh2 {[%clk 0:05:13]} 39. Rc6 {[%clk 0:01:24]} Bf8 {[%clk 0:05:32]} 40. Ra5
{[%clk 0:31:14]} Rh4 {[%clk 0:31:23]} 41. Rc4 {[%clk 0:30:53]} Bh6 {[%clk
0:16:01]} 42. Rxa7 {[%clk 0:30:30]} Rh1 {[%clk 0:16:13]} 43. Rc8 {[%clk 0:27:03]}
Be3 {[%clk 0:12:32]} 44. Rg7 {[%clk 0:23:09]} Rb1+ {[%clk 0:11:28]} 45. Kc4
{[%clk 0:22:36]} Kf6 {[%clk 0:10:29]} 46. Rd7 {[%clk 0:12:13]} Bc5 {[%clk
0:09:24]} 47. Rf8+ {[%clk 0:08:54]} Kg6 {[%clk 0:06:29]} 48. Kd5 {[%clk 0:03:40]}
Rb6 {[%clk 0:05:08]} 49. Ke6 {[%clk 0:02:23]} d5+ {[%clk 0:05:05]} 50. Kxe5
{[%clk 0:00:43]} Bxf8 {[%clk 0:05:29]} 51. exd5 {[%clk 0:00:50]} Bg7+ {[%clk
0:05:44]} 52. Ke4 {[%clk 0:01:06]} Bxc3 {[%clk 0:05:58]} 53. Kd3 {[%clk 0:00:55]}
Bb4 {[%clk 0:05:56]} 54. Kc4 {[%clk 0:01:05]} Bd6 {[%clk 0:05:43]} 55. a4 {[%clk
0:01:14]} Rb4+ {[%clk 0:02:18]} 56. Kc3 {[%clk 0:01:40]} Bc5 {[%clk 0:02:23]} 57.
Rc7 {[%clk 0:01:35]} Bf8 {[%clk 0:02:44]} 58. Rc8 {[%clk 0:01:40]} Be7 {[%clk
0:03:07]} 59. d6 {[%clk 0:00:37]} Bxd6 {[%clk 0:03:30]} 60. Rc6 {[%clk 0:01:03]}
Rxa4 {[%clk 0:03:50]} 1/2-1/2

[Event "Greek Team Championship"]
[Site "chess24.com"]
[Date "2017.07.06"]
[Round "5"]
[White "Tsolaki, Eleni"]
[Black "Zacharia, Aikaterini-Eirini"]
[Result "1-0"]
[Board "6"]
[WhiteElo "1766"]
[WhiteCountry "GRE"]
[WhiteFideId "4218892"]
[WhiteEloChange "2"]
[BlackElo "1230"]
[BlackCountry "GRE"]
[BlackFideId "25813072"]
[BlackEloChange "-2"]

1. e4 {[%clk 1:30:56]} e5 {[%clk 1:30:56]} 2. Nf3 {[%clk 1:31:18]} Nc6 {[%clk
1:31:21]} 3. Bb5 {[%clk 1:31:44]} a6 {[%clk 1:31:46]} 4. Ba4 {[%clk 1:32:12]} Nf6
{[%clk 1:31:56]} 5. O-O {[%clk 1:32:37]} Be7 {[%clk 1:32:11]} 6. Re1 {[%clk
1:33:03]} b5 {[%clk 1:32:26]} 7. Bb3 {[%clk 1:33:29]} d6 {[%clk 1:32:37]} 8. c3
{[%clk 1:31:48]} O-O {[%clk 1:32:40]} 9. h3 {[%clk 1:30:00]} Na5 {[%clk 1:32:32]}
10. Bc2 {[%clk 1:30:21]} c5 {[%clk 1:31:51]} 11. d4 {[%clk 1:30:40]} Qc7 {[%clk
1:31:51]} 12. Nbd2 {[%clk 1:26:44]} cxd4 {[%clk 1:29:55]} 13. cxd4 {[%clk
1:26:46]} Nc6 {[%clk 1:29:45]} 14. Nb3 {[%clk 1:19:39]} Nb4 {[%clk 1:25:07]} 15.
Bb1 {[%clk 1:17:52]} a5 {[%clk 1:22:34]} 16. a3 {[%clk 1:16:33]} Na6 {[%clk
1:21:37]} 17. Be3 {[%clk 1:02:42]} a4 {[%clk 1:10:14]} 18. Nbd2 {[%clk 1:02:17]}
Re8 {[%clk 0:55:04]} 19. Bd3 {[%clk 1:00:15]} Bd7 {[%clk 0:39:18]} 20. Rc1 {[%clk
0:59:25]} Qb8 {[%clk 0:38:35]} 21. Qe2 {[%clk 0:58:39]} exd4 {[%clk 0:29:09]} 22.
Nxd4 {[%clk 0:55:14]} Nc7 {[%clk 0:28:38]} 23. Nc6 {[%clk 0:48:42]} Qb7 {[%clk
0:23:00]} 24. Nb4 {[%clk 0:47:23]} Na6 {[%clk 0:18:45]} 25. Nxa6 {[%clk 0:44:13]}
Qxa6 {[%clk 0:15:43]} 26. Rc2 {[%clk 0:42:07]} Rec8 {[%clk 0:13:36]} 27. Rec1
{[%clk 0:41:30]} Rxc2 {[%clk 0:13:14]} 28. Rxc2 {[%clk 0:41:40]} Qb7 {[%clk
0:12:42]} 29. Bd4 {[%clk 0:39:51]} b4 {[%clk 0:10:21]} 30. Nc4 {[%clk 0:24:34]}
bxa3 {[%clk 0:08:48]} 31. bxa3 {[%clk 0:23:55]} d5 {[%clk 0:07:13]} 32. Nb6
{[%clk 0:18:50]} Re8 {[%clk 0:03:51]} 33. e5 {[%clk 0:09:11]} Ne4 {[%clk
0:02:16]} 34. f3 {[%clk 0:07:40]} Ng5 {[%clk 0:01:37]} 35. Be3 {[%clk 0:05:53]}
Ne6 {[%clk 0:01:26]} 36. Ba6 {[%clk 0:05:53]} Qa7 {[%clk 0:01:02]} 37. Nxd5
{[%clk 0:05:25]} Qb8 {[%clk 0:01:08]} 38. Nxe7+ {[%clk 0:04:44]} Rxe7 {[%clk
0:01:29]} 39. f4 {[%clk 0:02:58]} Qb1+ {[%clk 0:01:04]} 40. Rc1 {[%clk 0:30:53]}
Qb3 {[%clk 0:30:45]} 41. Qd3 {[%clk 0:24:24]} Qb8 {[%clk 0:24:12]} 42. f5 {[%clk
0:19:44]} Nf8 {[%clk 0:19:24]} 43. Bc5 {[%clk 0:14:48]} Rxe5 {[%clk 0:12:26]} 44.
Bxf8 {[%clk 0:12:40]} Qa7+ {[%clk 0:11:18]} 45. Kh1 {[%clk 0:11:24]} Kxf8 {[%clk
0:11:34]} 46. Qd6+ {[%clk 0:10:15]} Re7 {[%clk 0:08:18]} 47. Rc7 {[%clk 0:08:54]}
Qe3 {[%clk 0:03:02]} 48. Rxd7 {[%clk 0:07:44]} Qe1+ {[%clk 0:02:52]} 49. Kh2
{[%clk 0:08:04]} Qe5+ {[%clk 0:01:43]} 50. Qxe5 {[%clk 0:08:30]} Rxe5 {[%clk
0:02:04]} 51. Rd4 {[%clk 0:08:23]} Ra5 {[%clk 0:01:39]} 52. Bc8 {[%clk 0:08:26]}
Rc5 {[%clk 0:01:16]} 53. Bd7 {[%clk 0:08:19]} Ke7 {[%clk 0:01:04]} 54. Bxa4
{[%clk 0:08:33]} Rxf5 {[%clk 0:01:25]} 55. Bb3 {[%clk 0:08:13]} Rb5 {[%clk
0:01:29]} 56. Rb4 {[%clk 0:08:23]} Re5 {[%clk 0:00:57]} 57. a4 {[%clk 0:07:11]}
f5 {[%clk 0:01:08]} 58. Rb7+ {[%clk 0:07:24]} Kf6 {[%clk 0:00:40]} 59. Rb5 {[%clk
0:07:33]} Re3 {[%clk 0:00:38]} 60. a5 {[%clk 0:07:50]} 1-0

[Event "Greek Team Championship"]
[Site "chess24.com"]
[Date "2017.07.06"]
[Round "5"]
[White "Kolaini, Pantelina-Paras"]
[Black "Galani, Dimitra"]
[Result "0-1"]
[Board "7"]
[WhiteElo "1133"]
[WhiteCountry "GRE"]
[WhiteFideId "25812980"]
[WhiteEloChange "-2"]
[BlackElo "1501"]
[BlackCountry "GRE"]
[BlackFideId "4283368"]
[BlackEloChange "2"]

1. e4 {[%clk 1:30:58]} c5 {[%clk 1:30:33]} 2. Nf3 {[%clk 1:31:20]} e6 {[%clk
1:30:57]} 3. d4 {[%clk 1:31:44]} cxd4 {[%clk 1:31:22]} 4. Nxd4 {[%clk 1:32:08]}
Nf6 {[%clk 1:31:44]} 5. Nc3 {[%clk 1:32:13]} d6 {[%clk 1:31:55]} 6. Bg5 {[%clk
1:32:17]} Be7 {[%clk 1:29:58]} 7. Qd2 {[%clk 1:31:57]} a6 {[%clk 1:29:09]} 8. f3
{[%clk 1:31:00]} b5 {[%clk 1:26:28]} 9. O-O-O {[%clk 1:28:33]} Bb7 {[%clk
1:26:05]} 10. h4 {[%clk 1:28:19]} Nbd7 {[%clk 1:23:26]} 11. Kb1 {[%clk 1:25:41]}
Nb6 {[%clk 1:14:56]} 12. g4 {[%clk 1:17:48]} Rc8 {[%clk 1:14:14]} 13. h5 {[%clk
1:04:16]} h6 {[%clk 1:12:01]} 14. Be3 {[%clk 1:03:15]} Nfd7 {[%clk 1:02:41]} 15.
f4 {[%clk 0:48:37]} b4 {[%clk 1:02:26]} 16. Nce2 {[%clk 0:40:55]} Bxe4 {[%clk
1:02:49]} 17. Rg1 {[%clk 0:38:26]} Nc4 {[%clk 1:01:07]} 18. Qc1 {[%clk 0:38:02]}
Qc7 {[%clk 0:49:25]} 19. Ng3 {[%clk 0:34:52]} Nxe3 {[%clk 0:49:24]} 20. Nxe4
{[%clk 0:29:35]} Nxd1 {[%clk 0:49:13]} 21. Qxd1 {[%clk 0:29:30]} d5 {[%clk
0:48:50]} 22. Ng3 {[%clk 0:27:55]} Bc5 {[%clk 0:46:10]} 23. Nge2 {[%clk 0:24:25]}
Nf6 {[%clk 0:43:29]} 24. Qd3 {[%clk 0:18:45]} Bxd4 {[%clk 0:41:34]} 25. Qxd4
{[%clk 0:18:44]} Qxc2+ {[%clk 0:41:56]} 26. Ka1 {[%clk 0:18:50]} Qc1+ {[%clk
0:41:58]} 0-1

[Event "Greek Team Championship"]
[Site "chess24.com"]
[Date "2017.07.06"]
[Round "5"]
[White "Paterakis, Emmanouil"]
[Black "Alevizos, Athanasios"]
[Result "1-0"]
[Board "8"]
[WhiteElo "1857"]
[WhiteCountry "GRE"]
[WhiteFideId "4259718"]
[WhiteEloChange "3"]
[BlackElo "1564"]
[BlackCountry "GRE"]
[BlackFideId "4272498"]
[BlackEloChange "-3"]

1. e4 {[%clk 1:30:51]} e5 {[%clk 1:30:54]} 2. Nf3 {[%clk 1:31:13]} Nc6 {[%clk
1:31:16]} 3. Bb5 {[%clk 1:31:39]} a6 {[%clk 1:31:35]} 4. Ba4 {[%clk 1:32:00]} Nf6
{[%clk 1:31:45]} 5. O-O {[%clk 1:31:58]} b5 {[%clk 1:29:29]} 6. Bb3 {[%clk
1:32:24]} Be7 {[%clk 1:29:47]} 7. Re1 {[%clk 1:32:44]} d6 {[%clk 1:30:07]} 8. c3
{[%clk 1:33:03]} Na5 {[%clk 1:29:48]} 9. Bc2 {[%clk 1:33:12]} c5 {[%clk 1:29:49]}
10. d4 {[%clk 1:29:33]} cxd4 {[%clk 1:19:58]} 11. cxd4 {[%clk 1:29:55]} Bg4
{[%clk 1:17:34]} 12. Nbd2 {[%clk 1:22:02]} O-O {[%clk 1:05:42]} 13. h3 {[%clk
1:21:49]} Bxf3 {[%clk 1:03:20]} 14. Nxf3 {[%clk 1:22:14]} Nc6 {[%clk 1:03:33]}
15. Bg5 {[%clk 1:15:26]} Rc8 {[%clk 0:53:46]} 16. Rc1 {[%clk 1:13:05]} h6 {[%clk
0:51:43]} 17. Bh4 {[%clk 1:12:28]} Nh7 {[%clk 0:50:10]} 18. Bxe7 {[%clk 1:06:35]}
Qxe7 {[%clk 0:50:18]} 19. d5 {[%clk 1:06:55]} Nb4 {[%clk 0:50:01]} 20. Bb1 {[%clk
1:06:48]} a5 {[%clk 0:50:05]} 21. Qd2 {[%clk 1:06:27]} Qa7 {[%clk 0:49:43]} 22.
a3 {[%clk 1:07:05]} Na6 {[%clk 0:41:17]} 23. Qxa5 {[%clk 1:07:14]} Qb7 {[%clk
0:39:11]} 24. Bd3 {[%clk 0:54:57]} Rb8 {[%clk 0:32:41]} 25. b4 {[%clk 0:51:46]}
Rfc8 {[%clk 0:22:44]} 26. Rxc8+ {[%clk 0:49:49]} Qxc8 {[%clk 0:22:56]} 27. Bxb5
{[%clk 0:49:59]} Nc7 {[%clk 0:23:07]} 28. Rc1 {[%clk 0:50:01]} Qb7 {[%clk
0:15:42]} 29. Rxc7 {[%clk 0:34:27]} Qxb5 {[%clk 0:16:03]} 30. Qxb5 {[%clk
0:33:31]} Rxb5 {[%clk 0:16:30]} 31. Rc8+ {[%clk 0:33:53]} Nf8 {[%clk 0:16:54]}
32. Rc6 {[%clk 0:34:01]} f6 {[%clk 0:16:03]} 33. Rxd6 {[%clk 0:34:20]} Rb7 {[%clk
0:15:59]} 34. Ne1 {[%clk 0:33:54]} Ra7 {[%clk 0:16:11]} 35. Nc2 {[%clk 0:34:18]}
Kf7 {[%clk 0:12:35]} 36. Rc6 {[%clk 0:31:50]} Ke7 {[%clk 0:09:15]} 37. Kf1 {[%clk
0:31:06]} Kd7 {[%clk 0:09:18]} 38. Ke2 {[%clk 0:31:22]} Ng6 {[%clk 0:09:24]} 39.
g3 {[%clk 1:01:16]} Ne7 {[%clk 0:38:50]} 40. Rc5 {[%clk 1:00:06]} Kd6 {[%clk
0:35:16]} 41. Kd3 {[%clk 0:59:35]} Kd7 {[%clk 0:29:59]} 42. Kc4 {[%clk 0:58:57]}
Nc8 {[%clk 0:29:50]} 43. Kb3 {[%clk 0:56:05]} Nd6 {[%clk 0:28:22]} 44. f3 {[%clk
0:56:09]} Ra8 {[%clk 0:17:40]} 45. a4 {[%clk 0:53:54]} Nb7 {[%clk 0:15:16]} 46.
Rc6 {[%clk 0:53:51]} Rb8 {[%clk 0:15:14]} 47. Ka3 {[%clk 0:53:24]} Nd8 {[%clk
0:13:19]} 48. Rc3 {[%clk 0:53:24]} Nb7 {[%clk 0:12:07]} 49. b5 {[%clk 0:52:03]}
Ra8 {[%clk 0:09:56]} 50. Kb4 {[%clk 0:52:01]} Kd6 {[%clk 0:09:29]} 51. Ne3 {[%clk
0:52:09]} Kd7 {[%clk 0:08:52]} 52. Nc4 {[%clk 0:52:22]} Rb8 {[%clk 0:08:47]} 53.
a5 {[%clk 0:52:14]} Nd8 {[%clk 0:08:35]} 54. b6 {[%clk 0:51:13]} Ra8 {[%clk
0:04:34]} 55. Kb5 {[%clk 0:51:17]} Rb8 {[%clk 0:03:10]} 56. a6 {[%clk 0:51:30]}
h5 {[%clk 0:03:22]} 57. Na5 {[%clk 0:51:18]} Nf7 {[%clk 0:03:16]} 58. Rc7+ {[%clk
0:51:16]} Ke8 {[%clk 0:03:15]} 59. Rxf7 {[%clk 0:51:10]} Kxf7 {[%clk 0:03:33]}
60. b7 {[%clk 0:51:35]} 1-0

[Event "Greek Team Championship"]
[Site "chess24.com"]
[Date "2017.07.06"]
[Round "5"]
[White "Rousos, Stamatios"]
[Black "Triantafilidis, Mihail"]
[Result "0-1"]
[Board "9"]
[WhiteElo "1857"]
[WhiteCountry "GRE"]
[WhiteFideId "4277007"]
[WhiteEloChange "-9"]
[BlackElo "1900"]
[BlackCountry "GRE"]
[BlackFideId "4282930"]
[BlackEloChange "9"]

1. e4 {[%clk 1:30:50]} Nf6 {[%clk 1:30:43]} 2. e5 {[%clk 1:30:52]} Nd5 {[%clk
1:31:07]} 3. d4 {[%clk 1:29:04]} d6 {[%clk 1:31:33]} 4. Nf3 {[%clk 1:28:27]} Bg4
{[%clk 1:31:46]} 5. exd6 {[%clk 1:27:17]} exd6 {[%clk 1:32:11]} 6. Be2 {[%clk
1:26:43]} Be7 {[%clk 1:32:26]} 7. O-O {[%clk 1:26:05]} O-O {[%clk 1:32:51]} 8. h3
{[%clk 1:25:24]} Bf5 {[%clk 1:31:33]} 9. a3 {[%clk 1:24:30]} Bf6 {[%clk 1:31:02]}
10. c4 {[%clk 1:22:22]} Nb6 {[%clk 1:31:03]} 11. Nc3 {[%clk 1:21:25]} Nc6 {[%clk
1:24:32]} 12. b3 {[%clk 1:12:20]} Re8 {[%clk 1:23:56]} 13. Bb2 {[%clk 1:12:38]}
d5 {[%clk 1:23:45]} 14. c5 {[%clk 1:11:07]} Nc8 {[%clk 1:24:08]} 15. Bc1 {[%clk
1:03:47]} N8e7 {[%clk 1:07:44]} 16. Bg5 {[%clk 0:45:31]} Bxg5 {[%clk 1:00:03]}
17. Nxg5 {[%clk 0:45:54]} Ng6 {[%clk 0:59:43]} 18. Nf3 {[%clk 0:38:53]} Nf4
{[%clk 0:57:37]} 19. Bb5 {[%clk 0:36:24]} Qf6 {[%clk 0:51:23]} 20. Ne2 {[%clk
0:24:59]} Rxe2 {[%clk 0:22:29]} 21. Bxe2 {[%clk 0:24:44]} Bxh3 {[%clk 0:22:47]}
22. g3 {[%clk 0:13:26]} Nxe2+ {[%clk 0:22:25]} 23. Qxe2 {[%clk 0:13:23]} Bg4
{[%clk 0:22:46]} 24. Rfe1 {[%clk 0:06:35]} h6 {[%clk 0:22:48]} 25. Qb5 {[%clk
0:06:01]} Qxf3 {[%clk 0:16:59]} 26. Re3 {[%clk 0:03:31]} Qf6 {[%clk 0:17:16]} 27.
Qxb7 {[%clk 0:03:31]} Rc8 {[%clk 0:16:24]} 28. Rae1 {[%clk 0:02:59]} Nxd4 {[%clk
0:16:07]} 29. Re8+ {[%clk 0:02:46]} Rxe8 {[%clk 0:16:26]} 30. Rxe8+ {[%clk
0:03:10]} Kh7 {[%clk 0:16:51]} 31. Qxd5 {[%clk 0:03:00]} Nf3+ {[%clk 0:15:10]}
32. Kg2 {[%clk 0:02:52]} Ng5 {[%clk 0:15:05]} 33. Qd3+ {[%clk 0:01:17]} Bf5
{[%clk 0:15:21]} 34. Qe3 {[%clk 0:01:06]} Qc6+ {[%clk 0:14:33]} 35. f3 {[%clk
0:01:15]} Nxf3 {[%clk 0:13:51]} 36. Kf2 {[%clk 0:01:23]} Ng5 {[%clk 0:13:57]} 37.
Re5 {[%clk 0:00:37]} Qf6 {[%clk 0:13:32]} 38. Ke2 {[%clk 0:00:32]} Bg4+ {[%clk
0:13:43]} 39. Kd3 {[%clk 0:00:40]} Qf1+ {[%clk 0:12:37]} 40. Kc3 {[%clk 0:30:33]}
Qa1+ {[%clk 0:41:01]} 41. Kb4 {[%clk 0:27:52]} a5+ {[%clk 0:41:20]} 42. Kxa5
{[%clk 0:25:39]} Qxa3+ {[%clk 0:41:39]} 43. Kb5 {[%clk 0:26:08]} Be6 {[%clk
0:40:26]} 44. Qd3+ {[%clk 0:24:22]} g6 {[%clk 0:39:15]} 45. Re3 {[%clk 0:23:36]}
Qa8 {[%clk 0:37:53]} 46. Kb4 {[%clk 0:19:16]} Qd5 {[%clk 0:36:49]} 47. Qxd5
{[%clk 0:17:46]} Bxd5 {[%clk 0:37:13]} 48. Rd3 {[%clk 0:17:47]} Be4 {[%clk
0:36:49]} 49. Rd7 {[%clk 0:17:34]} c6 {[%clk 0:36:55]} 50. Kc4 {[%clk 0:17:37]}
Kg7 {[%clk 0:37:08]} 51. b4 {[%clk 0:16:33]} Bg2 {[%clk 0:34:56]} 52. Rd6 {[%clk
0:15:49]} Ne6 {[%clk 0:34:37]} 53. Rd1 {[%clk 0:14:40]} Bf3 {[%clk 0:34:56]} 54.
Rd2 {[%clk 0:14:58]} Nc7 {[%clk 0:34:46]} 55. Rf2 {[%clk 0:13:44]} Bd5+ {[%clk
0:34:55]} 56. Kd3 {[%clk 0:13:16]} h5 {[%clk 0:34:58]} 57. Kd4 {[%clk 0:12:17]}
Nb5+ {[%clk 0:35:10]} 58. Ke5 {[%clk 0:12:40]} Kh6 {[%clk 0:34:30]} 59. Rd2
{[%clk 0:12:46]} Be6 {[%clk 0:34:01]} 60. Kf6 {[%clk 0:12:46]} Nc3 {[%clk
0:33:16]} 61. Ke5 {[%clk 0:12:52]} Nb5 {[%clk 0:32:56]} 62. Kf6 {[%clk 0:12:38]}
Nc7 {[%clk 0:29:57]} 63. Ke5 {[%clk 0:11:53]} Bd5 {[%clk 0:23:04]} 64. Kd6 {[%clk
0:11:06]} Nb5+ {[%clk 0:23:26]} 65. Ke5 {[%clk 0:11:30]} g5 {[%clk 0:23:19]} 66.
Rh2 {[%clk 0:08:37]} Kg6 {[%clk 0:23:24]} 67. Rf2 {[%clk 0:07:54]} h4 {[%clk
0:22:34]} 68. gxh4 {[%clk 0:06:43]} gxh4 {[%clk 0:22:57]} 69. Rh2 {[%clk
0:06:22]} Kg5 {[%clk 0:22:44]} 70. Rf2 {[%clk 0:06:22]} Kh6 {[%clk 0:22:44]} 71.
Kf4 {[%clk 0:06:22]} 0-1